000 00764nam a2200277Ia 4500
003 OSt
005 20220912151338.0
006 a|||||r|||| 00| 0
007 ta
008 220909b |||||||| |||| 00| 0 eng d
024 _a14923
037 _cTextual
040 _aCSL
_beng
_cCSL
041 _aeng
082 _aH21, K0;4 TH
100 _aTurner Francis
245 0 _aIgneous and metamorphic peterology
250 _a2
260 _aNew York
_b McGraw-Hill Book Company
_c1960
300 _aix, 694p.
_ccm.
500 _aIndex 673-694p.
_ccm.
650 _aIgneous and metamorphic petrology
700 _a Verhoogen John
942 _hH21, K0;4 TH
_cTEXL
_2CC
999 _c66553
_d66553